<?xml version="1.0" encoding="UTF-8"?>
<record
    xmlns:xsi="http://www.w3.org/2001/XMLSchema-instance"
    xsi:schemaLocation="http://www.loc.gov/MARC21/slim http://www.loc.gov/standards/marcxml/schema/MARC21slim.xsd"
    xmlns="http://www.loc.gov/MARC21/slim">

  <leader>00903nam a2200265 ia4500</leader>
  <controlfield tag="003">OSt</controlfield>
  <controlfield tag="005">20231019172117.0</controlfield>
  <controlfield tag="008">231019n        si a   gre    000 0 may d</controlfield>
  <datafield tag="020" ind1=" " ind2=" ">
    <subfield code="c">0.00</subfield>
    <subfield code="q">hardback</subfield>
  </datafield>
  <datafield tag="040" ind1=" " ind2=" ">
    <subfield code="a">PPAK</subfield>
    <subfield code="b">eng</subfield>
    <subfield code="c">PPAK</subfield>
    <subfield code="e">rda</subfield>
  </datafield>
  <datafield tag="082" ind1="0" ind2="4">
    <subfield code="a">372.241 </subfield>
    <subfield code="2">23</subfield>
  </datafield>
  <datafield tag="090" ind1="0" ind2="0">
    <subfield code="a">372.241 </subfield>
    <subfield code="b">PEN</subfield>
    <subfield code="d">R</subfield>
  </datafield>
  <datafield tag="245" ind1="0" ind2="0">
    <subfield code="a">PENDIDIK PELAJAR : Dualiran Bahasa Malaysia - Inggeris =</subfield>
    <subfield code="b">The Bilingual STUDENTS' EDUCATOR : Bahasa Malaysia- English</subfield>
  </datafield>
  <datafield tag="264" ind1=" " ind2="1">
    <subfield code="a">Singapore :</subfield>
    <subfield code="b">Preston Corporation Sdn. Bhd., </subfield>
    <subfield code="c">[date of publication not identified] </subfield>
  </datafield>
  <datafield tag="300" ind1=" " ind2=" ">
    <subfield code="a">14 volumes :</subfield>
    <subfield code="b">illustrations</subfield>
    <subfield code="c">25 cm</subfield>
  </datafield>
  <datafield tag="336" ind1=" " ind2=" ">
    <subfield code="a">text</subfield>
    <subfield code="2">rdacontent</subfield>
  </datafield>
  <datafield tag="336" ind1=" " ind2=" ">
    <subfield code="a">still image </subfield>
    <subfield code="2">rdacontent</subfield>
  </datafield>
  <datafield tag="337" ind1=" " ind2=" ">
    <subfield code="a">unmediated</subfield>
    <subfield code="2">rdamedia</subfield>
  </datafield>
  <datafield tag="338" ind1=" " ind2=" ">
    <subfield code="a">volume</subfield>
    <subfield code="2">rdacarrier</subfield>
  </datafield>
  <datafield tag="500" ind1=" " ind2=" ">
    <subfield code="a">Contains 14 volumes</subfield>
  </datafield>
  <datafield tag="500" ind1=" " ind2=" ">
    <subfield code="a">Includes questions and answers.</subfield>
  </datafield>
  <datafield tag="500" ind1=" " ind2=" ">
    <subfield code="a">Includes index.</subfield>
  </datafield>
  <datafield tag="650" ind1="1" ind2="0">
    <subfield code="a">Education </subfield>
  </datafield>
  <datafield tag="942" ind1=" " ind2=" ">
    <subfield code="2">ddc</subfield>
    <subfield code="c">B</subfield>
  </datafield>
  <datafield tag="999" ind1=" " ind2=" ">
    <subfield code="c">193387</subfield>
    <subfield code="d">193387</subfield>
  </datafield>
  <datafield tag="952" ind1=" " ind2=" ">
    <subfield code="0">0</subfield>
    <subfield code="7">1</subfield>
    <subfield code="b">BL</subfield>
    <subfield code="c">R</subfield>
    <subfield code="d">2023-11-01</subfield>
    <subfield code="h">Sains Rumahtangga (1)</subfield>
    <subfield code="l">0</subfield>
    <subfield code="o">R 372.241  PEN</subfield>
    <subfield code="p">A00747285</subfield>
    <subfield code="r">2023-11-01 12:19:56</subfield>
    <subfield code="y">B</subfield>
  </datafield>
  <datafield tag="952" ind1=" " ind2=" ">
    <subfield code="0">0</subfield>
    <subfield code="7">1</subfield>
    <subfield code="b">BL</subfield>
    <subfield code="c">R</subfield>
    <subfield code="d">2023-11-01</subfield>
    <subfield code="h">Sains Paduan (1)</subfield>
    <subfield code="l">0</subfield>
    <subfield code="o">R 372.241  PEN</subfield>
    <subfield code="p">A00747286</subfield>
    <subfield code="r">2023-11-01 12:19:56</subfield>
    <subfield code="y">B</subfield>
  </datafield>
  <datafield tag="952" ind1=" " ind2=" ">
    <subfield code="0">0</subfield>
    <subfield code="7">1</subfield>
    <subfield code="b">BL</subfield>
    <subfield code="c">R</subfield>
    <subfield code="d">2023-11-01</subfield>
    <subfield code="h">Hisab Moden (1)</subfield>
    <subfield code="l">0</subfield>
    <subfield code="o">R 372.241  PEN</subfield>
    <subfield code="p">A00747287</subfield>
    <subfield code="r">2023-11-01 12:19:56</subfield>
    <subfield code="y">B</subfield>
  </datafield>
  <datafield tag="952" ind1=" " ind2=" ">
    <subfield code="0">0</subfield>
    <subfield code="7">1</subfield>
    <subfield code="b">BL</subfield>
    <subfield code="c">R</subfield>
    <subfield code="d">2023-11-01</subfield>
    <subfield code="h">Sejarah (1)</subfield>
    <subfield code="l">0</subfield>
    <subfield code="o">R 372.241  PEN</subfield>
    <subfield code="p">A00747288</subfield>
    <subfield code="r">2023-11-01 12:19:56</subfield>
    <subfield code="y">B</subfield>
  </datafield>
  <datafield tag="952" ind1=" " ind2=" ">
    <subfield code="0">0</subfield>
    <subfield code="7">1</subfield>
    <subfield code="b">BL</subfield>
    <subfield code="c">R</subfield>
    <subfield code="d">2023-11-01</subfield>
    <subfield code="h">Ilmu Alam (1)</subfield>
    <subfield code="l">0</subfield>
    <subfield code="o">R 372.241  PEN</subfield>
    <subfield code="p">A00747289</subfield>
    <subfield code="r">2023-11-01 12:19:56</subfield>
    <subfield code="y">B</subfield>
  </datafield>
  <datafield tag="952" ind1=" " ind2=" ">
    <subfield code="0">0</subfield>
    <subfield code="7">1</subfield>
    <subfield code="b">BL</subfield>
    <subfield code="c">R</subfield>
    <subfield code="d">2023-11-01</subfield>
    <subfield code="h">Seni Perusahaan (1)</subfield>
    <subfield code="l">0</subfield>
    <subfield code="o">R 372.241  PEN</subfield>
    <subfield code="p">A00747290</subfield>
    <subfield code="r">2023-11-01 12:19:56</subfield>
    <subfield code="y">B</subfield>
  </datafield>
  <datafield tag="952" ind1=" " ind2=" ">
    <subfield code="0">0</subfield>
    <subfield code="7">1</subfield>
    <subfield code="b">BL</subfield>
    <subfield code="c">R</subfield>
    <subfield code="d">2023-11-01</subfield>
    <subfield code="h">Ilmu Alam (2)</subfield>
    <subfield code="l">0</subfield>
    <subfield code="o">R 372.241  PEN</subfield>
    <subfield code="p">A00747291</subfield>
    <subfield code="r">2023-11-01 12:19:56</subfield>
    <subfield code="y">B</subfield>
  </datafield>
  <datafield tag="952" ind1=" " ind2=" ">
    <subfield code="0">0</subfield>
    <subfield code="7">1</subfield>
    <subfield code="b">BL</subfield>
    <subfield code="c">R</subfield>
    <subfield code="d">2023-11-01</subfield>
    <subfield code="h">Hisab Moden (2)</subfield>
    <subfield code="l">0</subfield>
    <subfield code="o">R 372.241  PEN</subfield>
    <subfield code="p">A00747292</subfield>
    <subfield code="r">2023-11-01 12:19:56</subfield>
    <subfield code="y">B</subfield>
  </datafield>
  <datafield tag="952" ind1=" " ind2=" ">
    <subfield code="0">0</subfield>
    <subfield code="7">1</subfield>
    <subfield code="b">BL</subfield>
    <subfield code="c">R</subfield>
    <subfield code="d">2023-11-01</subfield>
    <subfield code="h">Sains Paduan (2)</subfield>
    <subfield code="l">0</subfield>
    <subfield code="o">R 372.241  PEN</subfield>
    <subfield code="p">A00747293</subfield>
    <subfield code="r">2023-11-01 12:19:56</subfield>
    <subfield code="y">B</subfield>
  </datafield>
  <datafield tag="952" ind1=" " ind2=" ">
    <subfield code="0">0</subfield>
    <subfield code="7">1</subfield>
    <subfield code="b">BL</subfield>
    <subfield code="c">R</subfield>
    <subfield code="d">2023-11-01</subfield>
    <subfield code="h">Seni Perusahaan (2)</subfield>
    <subfield code="l">0</subfield>
    <subfield code="o">R 372.241  PEN</subfield>
    <subfield code="p">A00747294</subfield>
    <subfield code="r">2023-11-01 12:19:56</subfield>
    <subfield code="y">B</subfield>
  </datafield>
  <datafield tag="952" ind1=" " ind2=" ">
    <subfield code="0">0</subfield>
    <subfield code="7">1</subfield>
    <subfield code="b">BL</subfield>
    <subfield code="c">R</subfield>
    <subfield code="d">2023-11-01</subfield>
    <subfield code="h">Sains Rumahtangga (2)</subfield>
    <subfield code="l">0</subfield>
    <subfield code="o">R 372.241  PEN</subfield>
    <subfield code="p">A00747295</subfield>
    <subfield code="r">2023-11-01 12:19:56</subfield>
    <subfield code="y">B</subfield>
  </datafield>
  <datafield tag="952" ind1=" " ind2=" ">
    <subfield code="0">0</subfield>
    <subfield code="7">1</subfield>
    <subfield code="b">BL</subfield>
    <subfield code="c">R</subfield>
    <subfield code="d">2023-11-01</subfield>
    <subfield code="h">Sejarah (2)</subfield>
    <subfield code="l">0</subfield>
    <subfield code="o">R 372.241  PEN</subfield>
    <subfield code="p">A00747296</subfield>
    <subfield code="r">2023-11-01 12:19:56</subfield>
    <subfield code="y">B</subfield>
  </datafield>
  <datafield tag="952" ind1=" " ind2=" ">
    <subfield code="0">0</subfield>
    <subfield code="7">1</subfield>
    <subfield code="b">BL</subfield>
    <subfield code="c">R</subfield>
    <subfield code="d">2023-11-01</subfield>
    <subfield code="h">English</subfield>
    <subfield code="l">0</subfield>
    <subfield code="o">R 372.241  PEN</subfield>
    <subfield code="p">A00747297</subfield>
    <subfield code="r">2023-11-01 12:19:56</subfield>
    <subfield code="y">B</subfield>
  </datafield>
  <datafield tag="952" ind1=" " ind2=" ">
    <subfield code="0">0</subfield>
    <subfield code="7">1</subfield>
    <subfield code="b">BL</subfield>
    <subfield code="c">R</subfield>
    <subfield code="d">2023-11-01</subfield>
    <subfield code="h">Sejarah (3)</subfield>
    <subfield code="l">0</subfield>
    <subfield code="o">R 372.241  PEN</subfield>
    <subfield code="p">A00747298</subfield>
    <subfield code="r">2023-11-01 12:19:56</subfield>
    <subfield code="y">B</subfield>
  </datafield>
</record>
